LEADER 01827nam 2200589Ia 450 001 9910455942403321 005 20200520144314.0 010 $a1-280-21250-0 010 $a9786610212507 010 $a0-309-53660-X 010 $a0-585-14404-4 035 $a(CKB)110986584750964 035 $a(OCoLC)44958410 035 $a(CaPaEBR)ebrary10060396 035 $a(SSID)ssj0000192875 035 $a(PQKBManifestationID)11180328 035 $a(PQKBTitleCode)TC0000192875 035 $a(PQKBWorkID)10197720 035 $a(PQKB)10343630 035 $a(MiAaPQ)EBC3376829 035 $a(Au-PeEL)EBL3376829 035 $a(CaPaEBR)ebr10060396 035 $a(CaONFJC)MIL21250 035 $a(OCoLC)923266394 035 $a(EXLCZ)99110986584750964 100 $a20040925d1990 my 0 101 0 $aeng 135 $aurcn||||||||| 181 $ctxt 182 $cc 183 $acr 200 10$aLiquid crystalline polymers$b[electronic resource] $ereport of the Committee on Liquid Crystalline Polymers, National Materials Advisory Board, Commission on Engineering and Technical Systems, National Research Council 210 $aWashington, D.C. $cNational Academy Press$d1990 215 $a1 online resource (120 p.) 300 $aBibliographic Level Mode of Issuance: Monograph 311 $a0-309-04231-3 320 $aIncludes bibliographical references. 606 $aPolymer liquid crystals 606 $aLiquid crystals 606 $aPolymers 608 $aElectronic books. 615 0$aPolymer liquid crystals. 615 0$aLiquid crystals. 615 0$aPolymers. 676 $a620.1/92 801 0$bMiAaPQ 801 1$bMiAaPQ 801 2$bMiAaPQ 906 $aBOOK 912 $a9910455942403321 996 $aLiquid Crystalline Polymers$91891903 997 $aUNINA LEADER 01358nam a22002891i 4500 001 991002997829707536 005 20040506143906.0 008 040624s1991 gw |||||||||||||||||ger 020 $a3412001929 035 $ab13009138-39ule_inst 035 $aARCHE-096681$9ExL 040 $aDip.to Beni Culturali$bita$cA.t.i. Arché s.c.r.l. Pandora Sicilia s.r.l. 082 04$a340.538 245 00$aSymposion 1990 :$bVortrage zur griechischen und hellenistischen Rechtsgeschichte : Pacific Grove, California 24-26 september 1990 /$cherausgegeben Michael Gagarin 260 $aKoln ;$aWeimar ;$aWien :$bBohlau,$c1991 300 $aX, 314 p. ;$c23 cm 440 0$aAkten der Gesellschaft fur griechische und hellenistische Rechtsgeschichte ;$v8 650 4$aDiritto ellenistico$xCongressi$y1990 650 4$aDiritto greco$xCongressi$y1990 700 1 $aGagarin, Michael$eauthor$4http://id.loc.gov/vocabulary/relators/aut$0205118 711 2 $aGesellschaft für griechische und hellenistische rechtsgeschichte Symposion$n<6. ;$d1985 ;$cRingberg> 907 $a.b13009138$b02-04-14$c12-07-04 912 $a991002997829707536 945 $aLE001 AN XXI 455c$g1$i2001000076802$lle001$nC. 1$o-$pE0.00$q-$rl$s- $t0$u0$v0$w0$x0$y.i13620162$z12-07-04 996 $aSymposion 1990$91449543 997 $aUNISALENTO 998 $ale001$b12-07-04$cm$da $e-$fger$ggw $h0$i1